000 00416nam a2200157 i 4500
001 bg
100 1 _aABDURAZAKOV, A. A.
245 0 _aBeta - spektografy s postojannymi magnitami /
_cA.A. Abdurazakov, K.J. Gromov, G.J. Umarov.
260 _aTaskent,
_c1970.
700 1 _aGROMOV, K. J.
700 1 _aUMAROV, G. J.
040 _cBPK
041 _apol
942 _cKS
008 s pl f |000 0 pol
999 _c13485
_d13485
856 _uhttp://koha.tu.koszalin.pl/cgi-bin/koha/opac-detail.pl?biblionumber=13485
_yKatalog online BPK